Politický marketing a technologie

Charakteristika politického marketingu. Využívanie Business intelligence (BI) v politickom marketingu. Vývoj technológií v politickom marketingu. Rozhlas a televízia ako nástroje politického marketingu. Sociálne siete v politickom marketingu. Sociálne siete a volebná kampaň amerického prezidenta B....

Ausführliche Beschreibung

Gespeichert in:
Bibliographische Detailangaben
1. Verfasser: Štědroň, Bohumír
Weitere Verfasser: Štědroň, Jakub
Format: Buchkapitel
Sprache:Tschechisch
Schlagworte:
Tags: Tag hinzufügen
Keine Tags, Fügen Sie das erste Tag hinzu!

MARC

LEADER 00000naa$a2200000$$$4500
001 0120235
005 20220504104630.9
041 0 |a cze 
044 |a SK 
245 1 0 |a Politický marketing a technologie  |c Bohumír Štědroň, Jakub Štědroň 
520 |a Charakteristika politického marketingu. Využívanie Business intelligence (BI) v politickom marketingu. Vývoj technológií v politickom marketingu. Rozhlas a televízia ako nástroje politického marketingu. Sociálne siete v politickom marketingu. Sociálne siete a volebná kampaň amerického prezidenta B. Obamu. 
610 2 0 |a marketing 
610 2 0 |a komunikácia marketingová 
610 2 0 |a nástroje marketingové 
610 2 0 |a rozhlas 
610 2 0 |a televízia 
610 2 0 |a technológie informačné 
610 2 0 |a technológie komunikačné 
610 2 0 |a internet 
610 2 0 |a prezidenti 
610 2 0 |a voľby 
610 2 0 |a USA 
100 1 |a Štědroň, Bohumír 
700 1 |a Štědroň, Jakub